El autoritarismo en el gobierno de la UNAM / (Record no. 5120)

MARC details
000 -CABECERA
campo de control de longitud fija 00614nam a2200181 a 4500
005 - FECHA Y HORA DE LA ÚLTIMA TRANSACCIÓN
campo de control 20230526063601.0
008 - ELEMENTOS DE LONGITUD FIJA--INFORMACIÓN GENERAL
campo de control de longitud fija 991125s1982 mx 000 0 spa u
035 ## - NÚMERO DE CONTROL DEL SISTEMA
Número de control de sistema UPN01000005120
049 ## - COLECCIÓN
Colección CG
050 #4 - SIGNATURA TOPOGRÁFICA DE LA BIBLIOTECA DEL CONGRESO
Número de clasificación LE7.2931 U18
Número de documento/Ítem J5.3
100 1# - ASIENTO PRINCIPAL--NOMBRE PERSONAL
Nombre de persona Jiménez Mier y Terán, Fernando Juan Bosco
9 (RLIN) 28789
245 13 - MENCIÓN DE TÍTULO
Título El autoritarismo en el gobierno de la UNAM /
Mención de responsabilidad, etc. Fernando Jiménez Mier y Terán.
260 ## - PUBLICACIÓN, DISTRIBUCIÓN, ETC.
Lugar de publicación, distribución, etc. México :
Nombre del editor, distribuidor, etc. Cultura Popular :
-- Foro Universitario,
Fecha de publicación, distribución, etc. 1982.
300 ## - DESCRIPCIÓN FÍSICA
Extensión 231 p.
440 #3 - MENCIÓN DE SERIE/ASIENTO SECUNDARIO--TÍTULO
Título La educación
610 24 - ASIENTO SECUNDARIO DE MATERIA - NOMBRE CORPORATIVO
Nombre de entidad corporativa o nombre de jurisdicción como elemento de entrada Universidad Nacional Autónoma de México
Subdivisión general Administración
9 (RLIN) 19893
905 ## - TIPO DE MATERIAL
Tipo de material Libro
Holdings
Estado de retiro Estado de pérdida Fuente del sistema de clasificación o colocación Estado dañado No para préstamo Código de colección Localización permanente Ubicación/localización actual Ubicación en estantería Fecha de adquisición Total de préstamos Clasificación Código de barras Fecha visto por última vez Fecha del último préstamo Número de copia Tipo de ítem Koha
    Library of Congress Classification     Colección General Bib. Gregorio Torres Quintero Bib. Gregorio Torres Quintero Planta baja 25/04/2024 2 LE7.2931 U18 J5.3 252839 02/05/2024 25/04/2024 1 Libro
    Library of Congress Classification     Colección General Bib. Gregorio Torres Quintero Bib. Gregorio Torres Quintero Planta baja   4 LE7.2931 U18 J5.3 63618 31/12/2020   1 Libro